NLSUI OPAC header image

Modeling monetary economics (Record no. 37273)

MARC details
000 -LEADER
fixed length control field 01334nam a2200241Ia 4500
003 - CONTROL NUMBER IDENTIFIER
control field OSt
005 - DATE AND TIME OF LATEST TRANSACTION
control field 20210405132859.0
008 - FIXED-LENGTH DATA ELEMENTS--GENERAL INFORMATION
fixed length control field 160316s2011 xxu||||| |||| 00| 0 eng d
020 ## - INTERNATIONAL STANDARD BOOK NUMBER
International Standard Book Number 9780511977411
020 ## - INTERNATIONAL STANDARD BOOK NUMBER
International Standard Book Number 9781107003491
040 ## - CATALOGING SOURCE
Transcribing agency n
082 ## - DEWEY DECIMAL CLASSIFICATION NUMBER
Classification number 332.401000
Item number CHA
100 ## - MAIN ENTRY--PERSONAL NAME
Personal name Champ Bruce
245 ## - TITLE STATEMENT
Title Modeling monetary economics
250 ## - EDITION STATEMENT
Edition statement 3rd
260 ## - PUBLICATION, DISTRIBUTION, ETC.
Place of publication, distribution, etc. Cambridge
Name of publisher, distributor, etc. Cambridge University Press
Date of publication, distribution, etc. 2011
300 ## - PHYSICAL DESCRIPTION
Extent 339p
Dimensions xv
365 ## - TRADE PRICE
Price amount Rs. 3,601
505 ## - FORMATTED CONTENTS NOTE
Formatted contents note Table of contents<br/>Preface; <br/>Part I. Money: <br/>1. Trade in a model with no frictions; <br/>2. A simple model of money; <br/>3. Barter and commodity money; <br/>4. Inflation; <br/>5. International monetary systems; <br/>6. Price surprises; Part II. Banking: <br/>7. Capital; <br/>8. Liquidity and financial intermediation; <br/>9. Central banking and the money supply; <br/>10. Money stock fluctuations; <br/>11. Fully backed central bank money; <br/>12. The payments system; <br/>13. Bank risk; <br/>14. Liquidity risk and bank panics; <br/>Part III. Government Debt: <br/>15. Deficits and the national debt; <br/>16. Savings and investment; <br/>17. The effect of the national debt on capital and savings; <br/>18. The temptation of inflation; <br/>References; Author index; <br/>Subject index.
650 ## - SUBJECT ADDED ENTRY--TOPICAL TERM
Topical term or geographic name entry element 1. Money - Mathematical Models
700 ## - ADDED ENTRY--PERSONAL NAME
Personal name Freeman Scott
-- Haslag Joseph
942 ## - ADDED ENTRY ELEMENTS (KOHA)
Source of classification or shelving scheme Dewey Decimal Classification
Koha item type BOOKs
Holdings
Withdrawn status Lost status Damaged status Not for loan Home library Current library Shelving location Date acquired Cost, normal purchase price Total Checkouts Full call number Barcode Date last seen Date last checked out Price effective from Koha item type
        . .   30.05.2017 3601.00 1 332.401 CHA 31475 14.01.2023 14.01.2023 30.05.2017 BOOKs